Hide and Seek - Countries #17 - Statistics

General Stats
  • This quiz has been taken 27 times
  • The average score is 11 of 17
Answer Stats
Answer % Correct
United States
100%
Russia
96%
China
92%
India
80%
Japan
76%
Brazil
72%
Indonesia
72%
Mexico
68%
DR Congo
60%
Vietnam
60%
Bangladesh
56%
Egypt
52%
Pakistan
52%
Ethiopia
48%
Nigeria
48%
Philippines
40%
They all have populations over one hundred million.
8%
No matching quizzes found
Score Distribution
Percent of People with Each Score
Percentile by Number Answered
Your Score History
You have not taken this quiz